00538nam a22001697a 450000500170000001000130001702000090003003500130003903700170005208200080006910000300007724500700010724600520017726000620022927000540029130000230034520200116110755.0 aA-304077 c-a- aA-304077 bBPPD/Pub.a- a841 aعر فا ن عبا سی  aد بستا ن ا مير مينا ئcعر فا ن عبا سی  bDabistan Amir Meenai (Urdu)aby Irfan Abbasi  aLucknow bFakhruddin Ali Ahmed Memorial CometteecN.A. ء aDanish Mahel,Ameen Udola Park,bLucknow e-k-l- a399 ص c22 Cm(Hb)